| 000 | 00688 a2200229 4500 | ||
|---|---|---|---|
| 003 | Nust | ||
| 005 | 20170207154048.0 | ||
| 020 | _a0-415-28524-0 (hbk) | ||
| 020 | _a0-415-28525-9 (pbk) | ||
| 040 | _cNust | ||
| 082 | 0 | 4 | _a297.5 |
| 100 | 1 | _aAkbar Ahmed | |
| 245 | 1 | 0 |
_aDiscovering islam (E-Book) _bmaking sense of muslim history and society / _cAkbar Ahmed |
| 250 | _aRevised edition 2002. Reprint 2003 | ||
| 260 |
_aLondon: _bRoutledge , _c2003 |
||
| 300 | _a251 p. | ||
| 505 | _aPart One :The Pattern of Islamic History (Page-15) Part Two: Contemporary Muslim Society(Page-143) | ||
| 538 | _aAlmirah No.37 and Shelf No.6 | ||
| 650 | 7 | _aIslam | |
| 650 | 7 | _aIslam | |
| 651 | _a(E-Book) | ||
| 942 |
_2ddc _cBK |
||
| 999 |
_c193010 _d193010 |
||